| 000 | 00561 a2200205 4500 | ||
|---|---|---|---|
| 005 | 20240722170007.0 | ||
| 008 | 240722b |||||||| |||| 00| 0 eng d | ||
| 020 |
_a9781641168267 _c$ 155.00 |
||
| 040 | _aMAIN | ||
| 082 |
_a621.31244 _bS42S |
||
| 100 | _aSheilds, Anderson, ed. | ||
| 245 | _aSolar cells: From materials to device technology | ||
| 260 |
_bCallisto Reference _c2023 _aUSA |
||
| 300 | _avi, 237 | ||
| 650 | _aSolar Cells | ||
| 650 | _aSolar Cells- Material | ||
| 650 | _aSolar Energy | ||
| 650 | _aRenewable Energy Sources | ||
| 942 | _cBK | ||
| 999 |
_c312191 _d312191 |
||